000 00594nam a22002057a 4500
003 OSt
005 20140310183124.0
008 130528t xxu||||| |||| 00| 0 eng d
020 _a9712714926
050 _aPN 6145
_b.B814 2005
082 _aFIL 808.84
_bB814 2005
245 _aBehind the walls :
_blife of convent girls /
_cedited by Brainard, Cecilia and Orasa, Marily.
260 _aPasig City :
_bAnvil,
_c2005
300 _axiii, 218 p. :
_bill. ;
_c23 cm.
521 _acollege students
526 _c1210L-1700L
541 _j1
562 _e1
942 _2lcc
_cBK
_kFIL
999 _c18996
_d18996